Пути селекции ассоциативных культур дрожжей; Гидролиз растительного сырья и утилизация гидролизного лигнина

Dettagli Bibliografici
Parent link:Гидролиз растительного сырья и утилизация гидролизного лигнина.— 1987.— С. 52-57
Autore principale: Гусарова Л. А.
Altri autori: Акура В. Д., Семушина Т. Н.
Lingua:russo
Pubblicazione: 1987
Serie:Биотехнология переработки гидролизных сред
Natura: MixedMaterials Capitolo di libro
KOHA link:https://koha.lib.tpu.ru/cgi-bin/koha/opac-detail.pl?biblionumber=197164

MARC

LEADER 00000naa2a2200000 4500
001 197164
005 20231031183336.0
035 |a (RuTPU)RU\TPU\book\215063 
035 |a RU\TPU\book\215062 
090 |a 197164 
100 |a 20110606d1987 k y0rusy50 ca 
101 0 |a rus 
102 |a RU 
200 1 |a Пути селекции ассоциативных культур дрожжей  |f Л. А. Гусарова, В. Д. Акура, Т. Н. Семушина 
225 1 |a Биотехнология переработки гидролизных сред 
320 |a Библиогр.: с. 57 (8 назв.) 
463 0 |0 (RuTPU)RU\TPU\book\215049  |t Гидролиз растительного сырья и утилизация гидролизного лигнина  |f Всесоюзный научно-исследовательский институт гидролиза растительных материалов (ВНИИГидролиз) ; отв. ред. Ю. А. Цирлин  |v С. 52-57  |d 1987  |p 153,[1] с.  |s Сборник трудов Всесоюзного научно-исследовательского института гидролиза растительных материалов (ВНИИГидролиз) ; Вып. 36 
700 1 |a Гусарова  |b Л. А. 
701 1 |a Акура  |b В. Д. 
701 1 |a Семушина  |b Т. Н. 
801 1 |a RU  |b 63413507  |c 20110606 
801 2 |a RU  |b 63413507  |c 20110606  |g RCR 
942 |c BK